Potenciál prístupu „housing first“ cez prizmu inštitucionálnych podmienok v rámci riešenia bezdomovectva na Slovensku a v zahraničí
Základné rámce a poznatky o uplatňovaní systému prestupného bývania a housing-first. Porovnanie systému prestupného bývania a housing-first vo vybraných aspektoch. Porovnanie možností a kritika systémov. Modifikácie a rozšírenie prístupu housing-first. Skúsenosti s prístupom housing-first v Belgicku...
Uložené v:
| Hlavný autor: | |
|---|---|
| Ďalší autori: | , |
| Médium: | Kapitola |
| Jazyk: | Slovak |
| Predmet: | |
| Tagy: |
Žiadne tagy, Buďte prvý, kto otaguje tento záznam!
|
MARC
| LEADER | 00000nla a2200000 4500 | ||
|---|---|---|---|
| 001 | 0241154 | ||
| 005 | 20240417075133.4 | ||
| 041 | 0 | |a slo | |
| 044 | |a SK | ||
| 245 | 1 | 0 | |a Potenciál prístupu „housing first“ cez prizmu inštitucionálnych podmienok v rámci riešenia bezdomovectva na Slovensku a v zahraničí |c Daniel Škobla, Darina Ondrušová, Gábor Csomor |
| 520 | |a Základné rámce a poznatky o uplatňovaní systému prestupného bývania a housing-first. Porovnanie systému prestupného bývania a housing-first vo vybraných aspektoch. Porovnanie možností a kritika systémov. Modifikácie a rozšírenie prístupu housing-first. Skúsenosti s prístupom housing-first v Belgicku. Prehľad vybraných skúseností s uplatňovaním systému prestupného bývania v ČR a prístupu housing-first v Rakúsku. Housing-first a projekt Neunerhaus vo Viedni. Prehľad systémov bývania pre ľudí bez domova v krajských mestách . | ||
| 610 | 2 | 0 | |a politika bytová |
| 610 | 2 | 0 | |a bývanie |
| 610 | 2 | 0 | |a ľudia bez domova |
| 610 | 2 | 0 | |a byty sociálne |
| 610 | 2 | 0 | |a politika sociálna |
| 610 | 2 | 0 | |a Slovensko |
| 610 | 2 | 0 | |a Česko |
| 610 | 2 | 0 | |a Belgicko |
| 610 | 2 | 0 | |a Rakúsko |
| 100 | 1 | |a Škobla, Daniel | |
| 700 | 1 | |a Ondrušová, Darina | |
| 700 | 1 | |a Csomor, Gábor | |